Euroopan kaupungit kirjaimittain - J - Statistics

Yleistilastot
  • Tätä visaa on pelattu 32 kertaa
  • Keskiarvotulos 6 / 15
Vastaukset kartalla
Vastauksille on annettu kartalla punavihreä väri sen mukaan, kuinka moni on saanut sen oikein.
 
Vastaustilastot
% Oikein
Suomi Jyväskylä 149 194 62.240278 25.744444
100%
Suomi Joensuu 78 741 62.6 29.763889
96%
Ruotsi Jönköping 147 654 57.782778 14.160556
Jambol 42.483333 26.5 4 jambol
Jaroslavl 57.6263 39.893 4 jaroslavl
Jalta 44.4994 34.1553 4 jalta
Jaworzno 50.133333 19.266667 4 jaworzno
Jelgava 56.65 23.716667 4 jelgava
Jena 50.927222 11.586111 4 jena
Jerez de la Frontera 36.666667 -6.116667 4 jerez-de-la-frontera
Jevpatorija 45.2036 33.3613 4 jevpatorija
Joensuu 62.6 29.763889 4 joensuu
Jõhvi 59.35 27.366667 4 johvi
Jonava 55.0722 24.2806 4 jonava
Jūrmala 56.966667 23.75 4 jurmala
Jyväskylä 62.240278 25.744444 4 jyvaskyla
Jällivaara 67.133333 20.65 4 jallivaara
Jönköping 57.782778 14.160556 4 jonkoping
83%
Ruotsi Jällivaara 17 233 67.133333 20.65
58%
Venäjä Jalta 74 652 44.4994 34.1553
54%
Latvia Jūrmala 51 933 56.966667 23.75
54%
Latvia Jelgava 54 821 56.65 23.716667
29%
Saksa Jena 109 725 50.927222 11.586111
29%
Viro Jõhvi 10 720 59.35 27.366667
29%
Venäjä Jaroslavl 563 717 57.6263 39.893
25%
Bulgaria Jambol 59 364 42.483333 26.5
17%
Espanja Jerez de la Frontera 215 025 36.666667 -6.116667
17%
Liettua Jonava 26 341 55.0722 24.2806
17%
Ukraina Jevpatorija 107 877 45.2036 33.3613
8%
Puola Jaworzno 86 812 50.133333 19.266667
0%
Ehtoja vastaavia visoja ei löytynyt
Tulosjakauma
Jokaisen tuloksen saaneiden osuus
Persentiili vastausten määrän mukaan
Tuloshistoriasi
Et ole pelannut tätä visaa